| 000 | 03199nab a2200313 i 4500 | ||
|---|---|---|---|
| 003 | BR-BrBNA | ||
| 005 | 20260220180048.0 | ||
| 008 | 260220b2017 bl.ar|pooa||| 00| 0 por | | ||
| 040 |
_aBR-BrBNA _bpor |
||
| 072 | _aK10 | ||
| 072 | _aK70 | ||
| 100 | _aMeira Junior, Milton Serpa de | ||
| 100 | _aPereira, Israel Marinho | ||
| 100 | _aMachado, Evandro Luiz Mendonça | ||
| 100 | _aMota, Sílvia da Luz Lima | ||
| 100 | _aRibeiro, Pedro Sousa Silva de Paula | ||
| 100 | _aOtoni, Thiago José Ornelas | ||
| 245 | _aImpacto do Fogo em Campo Sujo no Parque Estadual do Biribiri, Minas Gerais, Brasil | ||
| 500 | _aPublicação on-line; 30 ref.; 2 tables; 2 illus.; Summaries (En, Pt) | ||
| 520 | _a RESUMO Objetivou-se avaliar a regeneração natural pós-fogo em uma área de campo sujo. Foram selecionados três ambientes; I e II, com ocorrência de fogo, e III, sem ocorrência. Em cada local foi instalado um transecto com 20 parcelas de 5 × 5 m (25 m2). Foram mensurados o diâmetro ao nível do solo (DNS), altura total e rebrota de todos os indivíduos com altura ≥ 0,10 m e DNS ≤ 5,0 cm. Nos ambientes I e II foram amostrados 436 e 387 indivíduos e 29 e 24 espécies, respectivamente. Já no ambiente III foram amostrados 741 indivíduos e 29 espécies. Houve diferença significativa no número de perfilhos, número de indivíduos e na área basal. Nos ambientes I e II, 72% e 88%, respectivamente, apresentaram indícios de rebrotamento. O incêndio modificou a estrutura da vegetação e a rebrota foi a principal estratégia utilizada pelas espécies nos locais com ocorrência de incêndio. Palavras-chave: cerrado, incêndio florestal, regeneração natural, ecologia do fogo. Dry Grassland Post-fire Impacts in Biribiri State Park, Minas Gerais, Brazil ABSTRACT This study aimed to evaluate the natural post-fire regeneration in dry grassland. We selected three sites: I and II, with occurrence of fire and III with no occurrence. Each site received one transect with 20 plots of 5 × 5m (25m 2). Diameter at ground level (DNS), total height and regrowth of all individuals with height ≥ 0.10 m and DNS ≤ 5.0 cm were measured. Sites I and II, respectively, had 436 and 387 sampled individuals, and 29 and 24 species. Site III had 741 individuals and 29 species sampled. There was a significant difference in the number of tiller, individuals and basal area. In sites I and II, 72% and 88%, respectively, showed signs of regrowth. The fire changed the structure of vegetation, and regrowth was the main strategy used by species in sites with fire occurrence. Keywords: Brazilian savanna, wild fire, natural regeneration, fire ecology. | ||
| 650 | _aCERRADO | ||
| 650 | _aINCÊNDIO FLORESTAL | ||
| 650 | _aREGENERAÇÃO NATURAL | ||
| 650 | _aECOLOGIA FLORESTAL | ||
| 773 | 0 |
_02929 _9347945 _dRio de Janeiro-RJ Instituto de Florestas - UFRRJ 1994 _o2025-0444 _tFloresta e Ambiente (Brazil) _x1415-0980 / ISSN 2179-8087 0nline _gv. 24 p. 1-9; (2017) _wBR2025007423 |
|
| 856 | _uhttps://www.scielo.br/j/floram/a/DgW4H8jf6h4ssLw5H47DgJQ/?format=pdf&lang=pt | ||
| 942 | _cANA | ||
| 999 |
_c340114 _d340114 |
||